Personnage Oshi No Ko - Statistiques

Statistiques générales
  • Ce quiz a été pris 595 fois
  • Le résultat moyen est 9 sur 13
Answers on the Grid
Answers color-coded by a green-red scale on the quiz's grid according to % correct below.
Ai Hoshino
Todou Fubuki
Aquamarine Hoshino
Hanasaki Kobeni
Kana Arima
Kitamura Yusaku
Miyako Saitô
Ichigo Saitô
Takasu Ryuji
Inko
Akane Kurokawa
MEM-cho
Aisaka Rikurou
Ruby Hoshino
Yuki Sumi
Yuri Koigakubo
Aisaka Yuu
Frill Shiranui
Haruta Kouji
Sarina Tendôji
Maya Kihara
Pieyon
Gorô Amemiya
 
Statistiques - réponses
Réponse % Correct
Ai Hoshino
99%
Aquamarine Hoshino
93%
Kana Arima
89%
Akane Kurokawa
78%
Ruby Hoshino
77%
MEM-cho
71%
Miyako Saitô
66%
Ichigo Saitô
63%
Pieyon
59%
Gorô Amemiya
56%
Sarina Tendôji
51%
Yuki Sumi
44%
Frill Shiranui
38%
Aucun quiz correspondant
Distribution des résultats
% des personnes avec chaque résultat
Percentile par nombre de réponses
Votre historique - résultats
Vous n’avez pas pris ce quiz